000 00374 a2200145 4500
082 _a909.09767119
090 _c5988
_d5988
100 _aNasr,Seyyed Hossein.
245 _aIslamic Life and Thought.
_cSeyyed Hossein Nasr.
250 _a2nd.
260 _aLahore.
_bSuhail Academy.
_c1999.
300 _a232p.
500 _aHardcover.
942 _aNBS
_cBK
_k909.09767119 SEY
999 _c348377
_d348377